00558cam a2200169 4500008004100000020001500041035001200056100002600068245007900094250001100173260003000184300002200214440003000236504002800266650004500294651004900339090113s2001 mx 000 0 spa u a968369098x aa4776591 aTorres Mejía, David10aProteccionismo político en México 1946-1977 /c David Torres Mejía. a1a ed. aMéxico : bUNAM, c2001 a231 p. ; c21 cm. 0aColeccion posgrado ;n 14 aBibliografia p. 217-231 7aDerecho electoral z México 2librunam 7aMéxico x Política y gobierno, 1946-1970